NBA Stat Leaders and Award Winners - Statistics

General Stats
  • This quiz has been taken 57 times
  • The average score is 32 of 49
Answer Stats
Player % Correct
James Harden
98%
Kyle Lowry/Chris Paul/Stephen Curry/Ricky Rubio
98%
LeBron James
98%
Stephen Curry
98%
Draymond Green/John Wall/Chris Paul
96%
Kevin Durant
96%
Russell Westbrook
96%
Derrick Rose
89%
Chris Paul
87%
Chris Paul/Ricky Rubio
87%
Dwight Howard
84%
Draymond Green
82%
Kawhi Leonard
82%
Lou Williams
82%
Michael Carter-Williams
82%
Andre Drummond
78%
Paul George
78%
Rudy Gobert
78%
Carmelo Anthony
73%
Giannis Antetokounmpo
73%
Anthony Davis
71%
Ben Simmons
71%
Damian Lillard
71%
Kyrie Irving
71%
Marc Gasol
69%
Karl-Anthony Towns
67%
Blake Griffin
64%
Rajon Rondo
64%
Joakim Noah
62%
DeAndre Jordan
60%
Jamal Crawford
58%
Jimmy Butler
58%
Malcolm Brogdon
58%
Andrew Wiggins
56%
Kevin Love
56%
Steve Nash
56%
Hassan Whiteside
53%
Victor Oladipo
51%
J.R. Smith
47%
CJ McCollum
44%
Serge Ibaka
42%
Tyson Chandler
42%
Eric Gordon
40%
Goran Dragic
27%
Tyreke Evans
27%
Ryan Anderson
22%
Lamar Odom
18%
Aaron Brooks
16%
Andrew Bogut
13%
No matching quizzes found
Score Distribution
Percent of People with Each Score
Percentile by Number Answered
Your Score History
You have not taken this quiz